Najpopularniejsze kierunki studiów 2024/2025 - Statystyki

Ogólne statystyki
  • Ten quiz został rozwiązany 85 razy
  • Średni wynik to 7 z 15
Statystyki odpowiedzi
L.p Liczba studentów Kierunek % Poprawnych
3. 28 685 Medycyna
88%
5. 23 488 Prawo
84%
2. 35 716 Informatyka
76%
1. 39 701 Psychologia
70%
4. 26 618 Zarządzanie
69%
7. 17 200 Ekonomia
61%
11. 11 102 Filologia angielska
57%
10. 11 945 Budownictwo
39%
9. 13 497 Finanse i rachunkowość
39%
6. 17 416 Pielęgniarstwo
36%
8. 16 457 Fizjoterapia
34%
12. 10 140 Logistyka
32%
14. 8 512 Mechanika i budowa maszyn
23%
13. 9 519 Biotechnologia
20%
15. 8 225 Stosunki międzynarodowe
12%
Nie znaleziono quizów pasujących do podanych kryteriów
Rozkład punktacji
Procent ludzi z każdym wynikiem
Percentyl według liczby udzielonych odpowiedzi
Twoja historia wyników
Nie rozwiązałeś tego quizu